000 00644nam a2200229 a 4500
001 BRCA_4419
005 20190320204650.0
008 190810s1957----mx-#######---#000-0#spa-#
041 _aspa
044 _amx
050 4 _aHG5161
_b.C66 2
_c1957
245 1 0 _aComisión Nacional de Valores
_bmemoria anual 1957.
260 _aMéxico
_bCultura
_c1957
300 _a191 p.
_bil.
_c19 cm.
500 _aIncluye nota preliminar
500 _aVer también AM50, CFG36, S103, S105 y S124
500 _aCFG34
650 1 4 _aMercado de valores
_zMéxico
_910923
710 2 _aComisión Nacional de Valores
_910924
902 _aGFM
942 _2lcc
_cB
999 _c4128
_d4128